000 00564nam a2200193Ia 4500
003 OSt
005 20240919154820.0
008 220927b |||||||| |||| 00| 0 eng d
020 _a8187471123
040 _aSDCL
_cSDCL
_beng
041 _2eng
_aeng
082 _aRxM721:(Q2:412) P3
100 _aSingh, Satya Prakash
245 0 _aSri Aurobindo, Jung and Vedic yoga.
260 _aNew Delhi:
_bStandard Prakashan,
_c2003.
300 _a423p.
942 _hRxM721:(Q2:412) P3
_cTEXL
_2CC
999 _c733922
_d733922